000 00421pab a2200169 454500
008 180718b2009 xxu||||| |||| 00| 0 eng d
100 _aSomashekaraiah, N.T.
245 _aMajor irrigation projects and deforestation
260 _c2009
300 _ap.50-53.
362 _aSep
650 _aForest management
650 _aIrrigation
700 _aKumar, S. Mahendra
773 _aThird Concept
909 _a114129
999 _c114123
_d114123